Economía, democracia y empleo /

Detalles Bibliográficos
Autor principal: Alcaraz García, Vicente (Autor)
Otros Autores: Arteaga, Rosalía (contributor agent of text.)
Formato: Electrónico eBook
Lenguaje:español
Publicado: [Alicante], España : Editorial Club Universitario, [2022]
Materias:
Acceso en línea:Digitalia Hispánica

MARC

LEADER 00000nam a2200000Ii 4500
001 DIGECU0223
003 NyNyDIG
006 m o d
007 cr |||||||||||
008 250303s2022 sp ob 000 0 spa d
035 |a (OCoLC)1511318580 
040 |a DGITA  |b eng  |e rda  |e pn  |c DGITA 
020 |z 9788418573903 
043 |a e-sp--- 
050 1 4 |a HB117 ebook 
100 1 |a Alcaraz García, Vicente,  |e author. 
245 1 0 |a Economía, democracia y empleo /  |c Vicente Alcaraz ; prólogo de Rosalía Arteaga Serrano. 
264 1 |a [Alicante], España :  |b Editorial Club Universitario,  |c [2022] 
300 |a 1 online resource. 
336 |a text  |b txt  |2 rdacontent 
337 |a computer  |b c  |2 rdamedia 
338 |a online resource  |b cr  |2 rdacarrier 
347 |a text file  |2 rdaft 
347 |b PDF 
504 |a Includes bibliographical references. 
588 0 |a Online resource; title from PDF title page (Digitalia, viewed March 3, 2025) 
650 0 |a Economics  |z Spain.  
650 0 |a Democracy  |z Spain.  
650 0 |a Employment (Economic theory)  |z Spain. 
700 1 |a Arteaga, Rosalía,  |e contributor agent of text. 
791 2 |a Digitalia (Firm),  |e distributor. 
793 0 |g Digitalia eBook Collection:  |a Editorial Club Universitario (ECU) 
776 0 8 |i Print version:  |a Alcaraz García, Vicente.  |t Economía, democracia y empleo.  |b Primera edición.  |d [Alicante], España : Editorial Club Universitario, [2022]  |z 9788418573903 
856 4 0 |3 Digitalia Hispánica  |u https://www.digitaliapublishing.com/a/163678/ 
910 |a Premium collection: 2025